000 00565nam a2200241Ia 4500
003 OSt
005 20220912152105.0
006 a|||||r|||| 00| 0
007 ta
008 220909b |||||||| |||| 00| 0 eng d
024 _a59443
037 _cTextual
040 _aCSL
_beng
_cCSL
041 _aeng
082 _aAp73:N, L4
100 _aKargon A H Ed.
245 0 _aMaturing of american science
260 _c1974
300 _ap.
_ccm.
650 _aScience
942 _hAp73:N, L4
_cTEXL
_2CC
999 _c80886
_d80886